000 01325nam a22002297a 4500
008 170708s2016 sz||||| |||| 00| 0 eng d
020 _a9783033058804
082 0 4 _a709.729
_bD249s
100 1 _aKopp, Albertine.
_95861
245 1 4 _aSea is history :
_bcaribbean experience in contemporary art /
_ceditado por Albertine Kopp y András Szánto.
250 _a1a edición.
260 _aSuecia :
_bDavidoff Art Initiative,
_c2016.
300 _a128 páginas :
_bilustraciones en color.
440 0 _aDavidoff Art Initiative Book Collection
_v2
_95862
505 0 _tForeword
_rHans-Kristian Hoejsgaard.
_tConnecting the islands.
_tArchipelagic affinities in an ocean of shifting tides
_rAnnalee Davis.
_tBasel
_rGuillermo Rodríguez.
_tBrooklyn
_rHulda Guzmán.
_tBerlin
_rFermín Ceballos.
_tBeijing
_rDavis Gumbs.
_tBogotá
_rNatalia Ortega Gámez.
_tCaribbean experience.
_tA language of islands
_rNatasha Ginwala.
_tDavidoff Art Initiative Residency: Altos de Chavón, Dominican Republic
_rPaolo Chiasera, Jimmy Robert, Louis Henderson y Oscar Santillan.
_tDavidoff limited art edition 2016
_rOlivia McGilchrist.
653 1 0 _aArte contemporáneo
653 1 0 _aArte - Caribe
653 1 0 _aArtistas caribeños
653 1 0 _aResidencia artística
653 1 0 _aArte - República Dominicana
653 1 0 _aIntercambio artístico colaborativo
999 _c1224
_d1224